Pablo, o pintor (Registo nº 4192)

Detalhes MARC
000 -Etiqueta do registo
Cabeçalho 00673nam0a2200253 4500
005 - Identificador da versão
Campo de controlo 20240813122055.0
010 ## - Número internacional normalizado dos livros (ISBN)
Número (ISBN) 9728920121
021 ## - Número do Depósito Legal
Código do país PT
Número 228012/05
100 ## - Dados gerais de processamento
Dados gerais de processamento 20170113d2005 c y0pory5003 ba
102 ## - Pais de publicação ou produção
País de publicação Portugal
101 1# - Língua de publicação
Língua do texto, banda sonora, etc. Português
Língua do documento no original Inglês
215 ## - Descrição física 
Indicação específica da natureza do documento e extensão da espécie [28 p.
Outras indicações físicas todo il. color
200 1# - Titulo e menção de responsabilidade
Título próprio Pablo, o pintor
Primeira menção de responsabilidade Satoshi Kitamura
205 ## - Menção da edição
Menção da edição 1ª ed.
210 ## - Publicação, Distribuição, etc. 
Lugar da edição, distribuição, etc. Lisboa
Nome do editor, distribuidor, etc. Ana Paula Faria ed.
Data da publicação, distribuição, etc. 2005
300 ## - Notas gerais 
Texto da nota PNL
606 ## - Nome comum usado como assunto
Número de registo de entrada de autoridade 0001491
Palavra de ordem Literatura japonesa
Subdivisão de assunto Conto
Código do sistema CA
675 ## - Classificação Decimal Universal (CDU)
Notação 821.521-34
Edição 3ª ed.
Língua da edição por
700 #1 - Nome de autor-pessoa física (responsabilidade principal)
Número de registo de entrada de autoridade 0001611
Palavra de ordem Kitamura
Outra parte do nome não tomada para palavra de ordem Satoshi
Datas 1956-
966 ## - Identificação da Biblioteca
Sigla EBVEN
942 ## - Elementos de entrada adicionados (Koha)
Tipo de item no Koha Livro
Exemplares
Situação do levantamento Origin of item (home branch) (coded) Biblioteca de empréstimo Código de barras Cota Circulation type (not for loan) Tipo de documento Nota do exemplar Damaged status
  Biblioteca Escolar das Vendas Biblioteca Escolar das Vendas BEV1577 8EST KIT PNL   Livro Sem mensagem